书目信息 |
| 题名: |
业务架构·应用架构·数据架构实战
|
|
| 作者: | 温昱 著 | |
| 分册: | ||
| 出版信息: | 北京 电子工业出版社 2021.4 |
|
| 页数: | 251页 | |
| 开本: | 24cm | |
| 丛书名: | ||
| 单 册: | ||
| 中图分类: | TP274 , TP311.523 | |
| 科图分类: | ||
| 主题词: | 数据处理 , 软件开发--架构 | |
| 电子资源: | ||
| ISBN: | 978-7-121-40485-6 | |
| 000 | 01193nam0 2200253 45 | |
| 001 | 012001000889 | |
| 005 | 20140912092847.0 | |
| 010 | @a978-7-121-40485-6@dCNY89.00 | |
| 100 | @a20210305d2021 em y0chiy50 ea | |
| 101 | 0 | @achi |
| 102 | @aCN@b110000 | |
| 105 | @aak z 000yy | |
| 106 | @ar | |
| 200 | 1 | @a业务架构·应用架构·数据架构实战@Aye wu jia gou· ying yong jia gou· shu ju jia gou shi zhan@f温昱著 |
| 210 | @a北京@c电子工业出版社@d2021.4 | |
| 215 | @a251页@c图@d24cm | |
| 330 | @a业务架构是跨系统的业务架构蓝图,应用架构、数据架构、技术架构是解决方案的不同方面。多年来,全球业界已在业务架构、应用架构、数据架构、技术架构方面积累了大量经验。近几年,数字化转型更是呼唤“懂行人”打通四种架构,确保技术支撑业务、业务支撑战略。本书的主要内容即在于此。首先,解读战略、业务架构、应用架构、数据架构、技术架构五者的对应岗位、产物、脉络关系。然后,结合大案例,详探下列实战法: 战略驱动的业务架构设计; 业务驱动的应用架构设计; 业务驱动的数据架构设计; 业务和技术趋势双轮驱动的技术架构设计。 | |
| 606 | 0 | @a数据处理 |
| 606 | 0 | @a软件开发@x架构 |
| 690 | @aTP274@v5 | |
| 690 | @aTP311.523@v5 | |
| 701 | 0 | @a温昱@Awen yu@4著 |
| 801 | 0 | @aCN@bBJSDL@c20211011 |
| 905 | @b1332342-5@dTP274@e503@f4 | |
| 业务架构·应用架构·数据架构实战/温昱著.-北京:电子工业出版社,2021.4 |
| 251页:图;24cm |
| ISBN 978-7-121-40485-6:CNY89.00 |
| 业务架构是跨系统的业务架构蓝图,应用架构、数据架构、技术架构是解决方案的不同方面。多年来,全球业界已在业务架构、应用架构、数据架构、技术架构方面积累了大量经验。近几年,数字化转型更是呼唤“懂行人”打通四种架构,确保技术支撑业务、业务支撑战略。本书的主要内容即在于此。首先,解读战略、业务架构、应用架构、数据架构、技术架构五者的对应岗位、产物、脉络关系。然后,结合大案例,详探下列实战法: 战略驱动的业务架构设计; 业务驱动的应用架构设计; 业务驱动的数据架构设计; 业务和技术趋势双轮驱动的技术架构设计。 |
| ● |
| 相关链接 |
|
|
|
|
正题名:业务架构·应用架构·数据架构实战
索取号:TP274/503
 
预约/预借
| 序号 | 登录号 | 条形码 | 馆藏地/架位号 | 状态 | 备注 |
| 1 | 1332342 | 213323429 | 第二样本阅览室/ [索取号:TP274/503] | 在馆 | |
| 2 | 1332343 | 213323438 | 第三借阅区/ [索取号:TP274/503] | 在馆 | |
| 3 | 1332344 | 213323447 | 第三借阅区/ [索取号:TP274/503] | 在馆 | |
| 4 | 1332345 | 213323456 | 第三借阅区/ [索取号:TP274/503] | 在馆 |